Republics of Europe - Statistics

General Stats
  • This quiz has been taken 457 times
  • The average score is 29 of 33
Answer Stats
Answer % Correct
France
95%
Germany
94%
Portugal
92%
Finland
91%
Ireland
91%
Italy
91%
Russia
91%
Serbia
90%
Estonia
89%
Greece
89%
Slovakia
89%
Albania
88%
Austria
88%
Bosnia and Herzegovina
88%
Hungary
88%
Latvia
88%
Montenegro
88%
Slovenia
88%
Belarus
87%
Bulgaria
87%
Kosovo
87%
Lithuania
87%
Poland
87%
Romania
87%
San Marino
87%
Croatia
86%
Czech Republic
86%
Iceland
86%
Ukraine
86%
Switzerland
85%
Moldova
83%
North Macedonia
82%
Malta
81%
No matching quizzes found
Score Distribution
Percent of People with Each Score
Percentile by Number Answered
Your Score History
You have not taken this quiz